000 00724cab a2200217 4500
001 WB3040-79
008 090401t1994 xxu||||| |||| 00| 0 eng d
035 _a(Sirsi) u76039
041 _aeng
245 _aAir pollution
260 _c1994
350 _a0
490 _aRICS Press Release
_v(PR172/94INF) 25 October 1994, (2)
520 _aIn response to the Transport Committee report on "Air pollution in London" the RICS says that urgent measures are needed to improve London traffic congestion in order to reduce levels of air pollution.
650 _aAIR POLLUTION
650 _aRICS RESPONSE
650 _aTRAFFIC CONGESTION
690 _aTRANSPORT AND COMMUNICATIONS
942 _n0
948 _c04/03/1997
999 _c47844
_d47844